000 00272nam a22001217a 4500
999 _c8233
_d8233
003 OSt
005 20201007101645.0
008 201007b ||||| |||| 00| 0 eng d
020 _a8122402666
082 _a534
_bSEN
245 _aAcoustics waves and oscillations
942 _2ddc